000 00487 a2200169 4500
005 20250527082325.0
020 _a978-0-07-338106-0
082 _a658.5 KER
100 _aKERIN, R. A.
245 _aMarketing : The Core
250 _a3rd Ed.
260 _aNew York,
_bMcgraw- Hill Irwin,
_c2009.
300 _axli, 493p.: Ill.;figures & pictures
_bIndex
_c25cm.
700 _aHARTLEY, S. W. & RUDELIUS, W.
856 _yAccess Online Book
_fMarketing
_dwww.mhhe.com
942 _2ddc
_cBKS
999 _c2702
_d2702